| 000 | 00373nam a2200133Ia 4500 | ||
|---|---|---|---|
| 008 | 220216s9999 xx 000 0 und d | ||
| 100 | _aRichards S C | ||
| 245 | 0 | _aLubrication of rubber by aqueous and non aqueous liquids | |
| 260 |
_bJournal of Natural Rubber Research _c1988 |
||
| 300 | _a210-222 | ||
| 650 | _aRubber lubrication | ||
| 700 | _aRoberts A D | ||
| 942 | _cJS | ||
| 999 |
_c62333 _d62333 |
||